| 000 | 00417nam a2200169Ia 4500 | ||
|---|---|---|---|
| 008 | 170705s9999 xx 000 0 und d | ||
| 020 | _a590441892 | ||
| 245 | 4 | _aThe talking eggs / | |
| 245 | _cRobert D. San Souci ; pictures by Jerry Pinkney. | ||
| 260 | _aNew York : | ||
| 260 | _bScholastic, | ||
| 260 | _c1989 | ||
| 300 | _aunpaged : | ||
| 300 | _bcolor illustration ; | ||
| 300 | _c23cm. | ||
| 500 | _a940 | ||
| 999 |
_c336841 _d336841 |
||